Statistiken für Äquatorialguinea-Quiz

Klicken Sie hier um das Quiz zu spielen!

Allgemein

  • Dieses Quiz wurde 1.208 mal gespielt
  • Das Durchschnittsergebnis liegt bei 8 aus 15

Antwortstatistiken

FrageAntwort% Korrekt
AmtsspracheFranzösisch
86%
NachbarlandKamerun
86%
NachbarlandGabun
85%
Äquatorialguinea liegt nicht ganz, aber fast auf diesem BreitengradÄquator
80%
AmtsspracheSpanisch
79%
Rohstoff, der die wichtigste Exportquelle Äquatorialguineas istErdöl
67%
Hauptstadt von ÄquatorialguineaMalabo
62%
AmtssprachePortugiesisch
62%
Äquatorialguinea ist das dritt____ Land Afrikas hinter den Seychellen und MauritiusReichste
61%
Es besitzt jedoch den welthöchsten Anteil an Einkommens_____, der anhand des Gini-Koeffizienten gemessen wirdUngleichheiten
28%
Größte Stadt (hint: gleicher Name wie ein tschechischer Schuhhersteller)Bata
21%
Geplannter zukünftiger RegierungssitzCiudad de la {Paz}
21%
Insel, auf der sich die Hauptstadt befindetBioko
20%
Name des kontinentalen Teils von ÄquatorialguineaRío {Muni}
17%
Wichtigste Ethnie (Anfangsbuchstabe F)Fang
16%

Verteilung der Resultate

Perzentil nach korrekt beantworteten Fragen

Anzahl Personen mit jedem Resultat

Ihre Resultats-Entwicklung

Sie haben dieses Quiz noch nicht gespielt